00355nam a22001457a 4500003000900000005001700009008004100026040002300067050001100090082000700101100002000108245005900128250001300187526000900200BD-DhUIB20251018193436.0251018b |||||||| |||| 00| 0 eng d aBD-DhUIBcBD-DhUIB a657.48 222 aElliott, Barry. aFinancial accounting and reporting/cby Barry, Elliot. a14th ed. aBBA.